Spotter's guide to the weather /

Bibliographic Details
Main Author: Wilson, Francis, 1949-
Other Authors: Mansfield, Felicity
Format: Book
Language:English
Published: New York : Mayflower Books, [1979]
Edition:1st American ed.
Subjects:

MARC

Tag First Indicator Second Indicator Subfields
LEADER 00000cam a22000008i 4500
001 in00000045363
005 20151007071223.0
008 790124s1979 nyua j 00110 eng
010 |a  79000798  
020 |a 0831793937 
035 |a (OCoLC)04638414 
035 |9 AAE5550AM 
040 |a DLC  |c DLC  |d TXA  |d UtOrBLW 
043 |a n------ 
049 |a [Curr Col] TXAM  |c [1405741] 
050 0 0 |a QC982.8  |b .W54 
082 0 |a 551.6/9/7 
100 1 |a Wilson, Francis,  |d 1949- 
245 1 0 |a Spotter's guide to the weather /  |c by Francis Wilson and Felicity Mansfield ; special consultant, Harold Gibson ; illustrated by Ralph Stobart ; photography by Ken Pilsbury. 
250 |a 1st American ed. 
263 |a 7912 
264 1 |a New York :  |b Mayflower Books,  |c [1979] 
264 4 |c ©1979 
300 |a 64 pages :  |b illustrations (some color) ;  |c 19 cm. 
336 |a text  |b txt  |2 rdacontent 
337 |a unmediated  |b n  |2 rdamedia 
338 |a volume  |b nc  |2 rdacarrier 
500 |a Includes index. 
651 0 |a North America  |x Climate. 
700 1 |a Mansfield, Felicity. 
999 |a MARS 
999 f f |s f5247c13-d7f3-3d48-8516-ac8fb6beba6e  |i 46300b05-5e81-32a4-89ce-8183c3034933  |t 0 
952 f f |p ric  |a Texas A&M University  |b Rellis Campus  |c Joint Library Facility  |d Remote Storage  |t 0  |e QC982.8 .W54  |h Library of Congress classification  |i unmediated -- volume  |m A14800253391 
998 f f |a QC982.8 .W54  |t 0  |l Remote Storage